[Event "Moscow Aeroflot op-B"]
[Site "Moscow"]
[Date "2004.02.20"]
[Round "4"]
[White "Gomin, Evgeny"]
[Black "Kalashnikov, Konstantin"]
[Result "0-1"]
[WhiteElo "2353"]
[BlackElo "2397"]
[PlyCount "120"]
[EventDate "2004.02.17"]
[EventType "swiss"]
[EventRounds "9"]
[EventCountry "RUS"]
[SourceTitle "EXT 2005"]
[Source "ChessBase"]
[SourceDate "2004.11.15"]
[SourceVersion "1"]
[SourceVersionDate "2004.11.15"]
[SourceQuality "1"]

1. e4 c5 2. Nc3 Nc6 3. f4 g6 4. Nf3 Bg7 5. g3 d6 6. Bg2 Rb8 7. 0-0 Nf6 8. d3 Bg4 9. h3 Bxf3 10. Bxf3 Nd7 11. Ne2 Nd4 12. Bg2 b5 13. a3 a5 14. c3 Nxe2+ 15. Qxe2 b4 16. axb4 axb4 17. e5 dxe5 18. fxe5 e6 19. d4 cxd4 20. cxd4 0-0 21. Ra7 Nb6 22. Qg4 h5 23. Qf4 Qe8 24. g4 hxg4 25. Qxg4 Nc8 26. Rc7 Qd8 27. Rc2 Ne7 28. Bg5 Qd7 29. Rcf2 Rbc8 30. Bf6 Rc4 31. Qg5 Nf5 32. Bxg7 Nxg7 33. d5 exd5 34. e6 Nxe6 35. Qxd5 Rd4 36. Qb3 Qd6 37. Rf6 Rd3 38. Qc4 Qd4+ 39. Qxd4 Rxd4 40. R1f2 Kg7 41. Kh2 Nc5 42. R6f4 Rxf4 43. Rxf4 Rb8 44. Bd5 f5 45. Rc4 Nd3 46. Rc7+ Kf6 47. b3 Kg5 48. Kg3 Rb6 49. h4+ Kf6 50. Bc4 Ne5 51. Rc5 Rc6 52. Rxc6+ Nxc6 53. Kf4 Nd8 54. Bg8 Nf7 55. Bxf7 Kxf7 56. Kg5 Ke6 57. Kxg6 f4 58. h5 f3 59. h6 f2 60. h7 f1Q 0-1